| 000 | 01336nam a2200361 c 4500 | ||
|---|---|---|---|
| 001 | 53047 | ||
| 003 | ES-MaCES | ||
| 005 | 20250814115119.0 | ||
| 007 | cr ||||||||||| | ||
| 008 | 240207s2023 sp t 000 | spa d | ||
| 040 |
_aES-MaCES _bspa _cES-MaCES |
||
| 245 | 0 | 0 | _aInforme Comunidades Autónomas 2022 |
| 260 |
_aBarcelona _bObservatorio de Derecho Público, IDP _c2023 |
||
| 300 |
_a584 p. _c24 cm _e1 documento pdf (5,46 mb) |
||
| 541 | _cCompra | ||
| 650 | 4 |
_aadministración pública _927214 |
|
| 650 | 4 |
_apolítica presupuestaria _930829 |
|
| 650 | 4 |
_atransferencia de competencias _930889 |
|
| 650 | 4 |
_aComunidades Autónomas _930768 |
|
| 650 | 4 |
_agobierno regional _929907 |
|
| 650 | 4 |
_aEspaña _926964 |
|
| 650 | 4 |
_ajurisprudencia _928624 |
|
| 650 | 4 |
_alegislación _927153 |
|
| 650 | 4 |
_a2022 _940274 |
|
| 650 | 4 |
_ainforme _928986 |
|
| 653 | 1 | 0 | _aAdministración-Instituciones públicas |
| 710 | 2 |
_aObservatorio de Derecho Público _eed. _939993 |
|
| 787 | 0 |
_tInforme Comunidades Autónomas 2021 _w(ES-MaCES)52563 |
|
| 856 | 4 |
_uhttp://biblioteca.ces.es/repintra/B53047.pdf _ytexto completo _z[intranet] |
|
| 856 | 4 |
_uhttps://idpbarcelona.net/coleccion-informe-comunidades-autonomas/informe-comunidades-autonomas/ _z[Informes a texto completo desde 1989] |
|
| 902 | _aLIB Libro | ||
| 942 |
_2CES _cBK _h6.3. |
||
| 999 |
_c53047 _d53047 |
||